Podniková kultúra v medzinárodných spoločnostiach diplomová práca

Guardado en:
Detalles Bibliográficos
Autor principal: Antalicsová, Monika
Autor Corporativo: Obchodná fakulta EU. Katedra marketingu
Otros Autores: Matušovičová, Monika, 1967-
Formato: Libro
Lenguaje:eslovaco
Publicado: Bratislava 2010
Etiquetas: Agregar Etiqueta
Sin Etiquetas, Sea el primero en etiquetar este registro!

MARC

LEADER 00000nam$a2200000$$$4500
001 0121413
005 20240318123120.2
041 0 |a slo 
044 |a SK 
245 1 0 |a Podniková kultúra v medzinárodných spoločnostiach  |b diplomová práca  |c Monika Antalicsová ; škol. Monika Matušovičová 
264 1 |a Bratislava  |c 2010 
300 |a 107 s. 
100 1 |a Antalicsová, Monika 
700 1 |a Matušovičová, Monika, 1967- 
710 2 |a Obchodná fakulta EU. Katedra marketingu